| 000 | 00837cab a2200217 4500 | ||
|---|---|---|---|
| 001 | ABS45771 | ||
| 008 | 090401t1992 xxu||||| |||| 00| 0 eng d | ||
| 035 | _a(Sirsi) u54979 | ||
| 041 | _aeng | ||
| 100 | _aKitchen, S. | ||
| 245 | _aGreat call of China | ||
| 260 | _c1992 | ||
| 350 | _a0 | ||
| 490 |
_aBuilding _v157(7729) 24 January 1992, 21(1) |
||
| 520 | _aExpansion in China`s building industry has led to formal contacts with British construction institutions and the recognition of UK qualifications as part of a greater receptiveness to investment by the West. Opportunities for British firms are being promoted, and this article points to the areas of maximum growth. | ||
| 650 | _aECONOMIST INTELLIGENCE UNIT | ||
| 650 | _aOVERSEAS TRADE | ||
| 690 | _aOVERSEAS-REST OF THE WORLD | ||
| 942 | _n0 | ||
| 948 | _c04/03/1997 | ||
| 999 |
_c33651 _d33651 |
||